<?xml version="1.0" encoding="utf-8"?>
<?xml-stylesheet type='text/xsl' href='./oai2.xsl'?>
<OAI-PMH xmlns="http://www.openarchives.org/OAI/2.0/" xmlns:xsi="http://www.w3.org/2001/XMLSchema-instance" xsi:schemaLocation="http://www.openarchives.org/OAI/2.0/ http://www.openarchives.org/OAI/2.0/OAI-PMH.xsd">
  <responseDate>2026-06-06T05:49:47Z</responseDate>
  <request verb="GetRecord" metadataPrefix="marcxml" identifier="record_kuniweb_90935">https://kulturerbe.niedersachsen.de/oai</request>
  <GetRecord>
    <record>
      <header>
        <identifier>record_kuniweb_90935</identifier>
        <datestamp>2026-03-31T19:09:18Z</datestamp>
        <setSpec>slg0220</setSpec>
      </header>
      <metadata>
        <marc:record xmlns:marc="http://www.loc.gov/MARC21/slim" xsi:schemaLocation="http://www.loc.gov/MARC21/slim http://www.loc.gov/standards/marcxml/schema/MARC21slim.xsd">
          <marc:leader>12345nrm  22     uu 4500</marc:leader>
          <marc:controlfield tag="001">90935</marc:controlfield>
          <marc:controlfield tag="003">http://kuniweb.gbv.de</marc:controlfield>
          <marc:controlfield tag="005">2026-02-24T15:05:21</marc:controlfield>
          <marc:controlfield tag="008">|           ||||||||||||||||||||||</marc:controlfield>
          <marc:datafield tag="245" ind1="1" ind2="0">
            <marc:subfield code="a">Flintdolch
Basdahl FStNr. 73</marc:subfield>
          </marc:datafield>
          <marc:datafield tag="655" ind1=" " ind2="7">
            <marc:subfield code="a">Archäologie</marc:subfield>
          </marc:datafield>
          <marc:datafield tag="046" ind1=" " ind2=" ">
            <marc:subfield code="k">-2199</marc:subfield>
            <marc:subfield code="k">Spätneolithikum (des Nordens)</marc:subfield>
            <marc:subfield code="l">-1599</marc:subfield>
          </marc:datafield>
          <marc:datafield tag="260" ind1=" " ind2=" ">
            <marc:subfield code="g">-2199</marc:subfield>
            <marc:subfield code="g">-1599</marc:subfield>
            <marc:subfield code="g">Spätneolithikum (des Nordens)</marc:subfield>
          </marc:datafield>
          <marc:datafield tag="300" ind1=" " ind2=" ">
            <marc:subfield code="a">Länge: 14,2 cm
Breite: 3 cm
Dicke: 0,7 cm (Klinge)
Dicke: 1,4 cm (Griff)</marc:subfield>
          </marc:datafield>
          <marc:datafield tag="520" ind1=" " ind2=" ">
            <marc:subfield code="a">Hartmut Schieck fand einen flächig retuschierten Dolch aus beigefarbenen Flint.  Der Griff ist an den Seiten muschelig retuschiert. Die Spitze ist abgebrochen.
Bei dem Dolch handelt es sich um Typ III F nach Lomborg.

 (Stefan Hesse 02/2026)

Literatur in Zusammenhang:
E. Lomborg, „Die Flintdolche Dänemarks Studien über Chronologie und Kulturbeziehungen des südskandinavischen Spätneolithikums“. Lynge og Søn [in Komm.], København, 1973.</marc:subfield>
          </marc:datafield>
          <marc:datafield tag="650" ind1="1" ind2=" ">
            <marc:subfield code="a">Feuersteindolch</marc:subfield>
          </marc:datafield>
          <marc:datafield tag="650" ind1="1" ind2=" ">
            <marc:subfield code="a">Waffe &gt; Kaltwaffe &gt; Griffwaffe &gt; Dolch</marc:subfield>
          </marc:datafield>
          <marc:datafield tag="773" ind1="0" ind2=" ">
            <marc:subfield code="t">Archäologische Funde aus dem Landkreis Rotenburg (Wümme)</marc:subfield>
          </marc:datafield>
          <marc:datafield tag="852" ind1=" " ind2=" ">
            <marc:subfield code="a">Kreisarchäologie Rotenburg</marc:subfield>
          </marc:datafield>
          <marc:datafield tag="852" ind1=" " ind2=" ">
            <marc:subfield code="a">Basdahl (Geestequelle, Rotenburg (Wümme), Niedersachsen)</marc:subfield>
          </marc:datafield>
          <marc:datafield tag="" ind1=" " ind2=" ">
            <marc:subfield code="a">Namensnennung - Weitergabe unter gleichen Bedingungen 4.0 International (CC BY-SA 4.0)</marc:subfield>
          </marc:datafield>
        </marc:record>
      </metadata>
    </record>
  </GetRecord>
</OAI-PMH>
